000
00379nam a22001457a 4500
005
20251108164830.0
008
250721s1983 xx 000 0 ara d
082
1
4
_a
616.462/أنت
245
1
0
_a
أنت و السكر /
264
1
_a
القاهره :
_b
دار الهلال،
_c
1983.
300
_a
83ص : مص
650
1
7
_a
مرض السكر
942
_2
ddc
_c
BK
999
_c
15408
_d
15408